000 00687nam a2200205 a 4500
001 000020807
005 20260417112310.0
008 100817s1960 mx r 001 0 spa d
040 _aDO-SdBNP
_bspa
_cBPJMB
082 _a155.5
_bP792p, 1960
100 1 _aPonce, Anibal.
_936539
245 1 0 _aPsicología de la adolescencia / :
_bAnibal Ponce ; prólogo Raul Cordero Amador.
250 _a2a ed.
260 _aMéxico :
_bUnión Tipográfica Editorial Hispano América,
_c1960.
300 _a166 p. ;
_c17 cm.
490 1 _aManuales Uteha,
_v41
650 0 _aPsicología del adolescente
_99034
700 1 _aCordero Amador, Raul,
_epról.
_943615
830 0 _aManuales Uteha,
_v41
_943616
999 _c20311
_d20311